000 03277nam a2200361 a 4500
003 OSt
005 20250813103958.0
007 cr ||||||a|a|a
008 250624s2025 mx a|||fom||| 001 0 spa d
040 _erda
100 1 _aCruz García, Yesi del Rocío
_9190557
245 1 0 _aEfecto de los antimicrobianos nanoencapsulados en bacterias fitopatógenas en el cultivo de papa (Solanum toberosum) en el Estado de México /
_cpor Yesi del Rocio Cruz García y Berenice Enriquez Ramírez; director de tesis Oscar Morales Galván; secretario José Abraham Ramírez Pool; vocal José Manuel Pineda Rios; suplente Guillermo Mongragón Pedreros; suplente Jaime Alfredo Urzua Gutierrez
264 1 _aChapingo, México :
_bEl autor,
_c2024.
300 _a1 recurso en línea (78 páginas):
_bcuadros, figuras.
336 _2rdacontent
_atexto
_btxt
337 _2rdamedia
_acomputadora
_bc
338 _2rdacarrier
_arecurso en línea
_bcr
502 _bIAEPA
_cParasitología
_d2024.
_gLIC
504 _aIncluye referencias bibliográficas: páginas 72-76.
520 _aEl cultivo de papa (Solanum tuberosum) es fundamental para la seguridad alimentaria y la economía agrícola en el Estado de México. No obstante, enfrenta importantes desafíos debido a infecciones causadas por bacterias fitopatógenas como Clavibacter michiganensis y Clavibacter sepedonicus, que afectan significativamente la producción y calidad del cultivo. Este estudio tuvo como objetivo evaluar el efecto de antimicrobianos nanoencapsulados sobre estas bacterias, utilizando un enfoque que incluye la síntesis de nanopartículas, la purificación de antimicrobianos y su aplicación en plantas de papa cultivadas e inoculadas con bacterias fitopatógenas en condiciones controladas. Se realizaron mediciones de la tasa fotosintética para evaluar el impacto de los tratamientos y se realizó un análisis de la comunidad microbiana mediante la secuenciación del gen 16S. Los resultados revelaron que las nanopartículas con antimicrobianos lograron reducir significativamente la presencia de C. michiganensis y C. sepedonicus, mientras que las nanopartículas sin antimicrobianos no mostraron un efecto notable sobre estos patógenos. Además, el análisis de la diversidad microbiana indicó que los tratamientos con antimicrobianos no alteraron significativamente la estructura microbiana global de las plantas, manteniendo la diversidad microbiana en niveles comparables a las plantas no tratadas.
650 4 _aPapa
_xEnfermedades por bacterias
_985228
650 4 _aClavibacter michiganensis
_xControl
_9131934
650 4 _aClavibacter sepedonicus
_xControl
_9190919
650 4 _aBacterias fitopatógenas
_xControl
_9190918
700 1 _aEnriquez Ramírez, Berenice
_9190558
700 1 _aMorales Galván, Oscar
_edirector de tesis.
_978271
700 1 _aRamírez Pool, José Abraham
_9190710
_esecretario.
700 1 _aPineda Rios, José Manuel
_988174
_evocal.
700 1 _aMondragón Pedrero, Guillermo
_977486
_esuplente.
700 1 _aUrzúa Gutiérrez, Jaime Alfredo
_esuplente.
_9117018
856 _uhttp://10.13.5.2/tesis/tl/17101516-1_Y_1710656-3_CRUZ_GARCIA_YESIDEROCIO_Y_ENRIQUEZ_RAMIREZ_BERENICE.pdf
_zDESCARGAR PDF
942 _2Clasificación Universidad Autónoma Chapingo
_cTD
999 _c220675
_d220675